LEADER 01422nam 2200325Ia 450 001 996395713203316 005 20221108044914.0 035 $a(CKB)4330000000321382 035 $a(EEBO)2240914339 035 $a(OCoLC)9919919300971 035 $a(EXLCZ)994330000000321382 100 $a19890711d1639 uy | 101 0 $aeng 135 $aurbn||||a|bb| 200 12$aA celestiall looking-glasse, to behold the beauty of heaven, and the perfect way unto it$b[electronic resource] $ewhich is the end of all our preaching, the drift of all our hearing, the fruite of all our beleeving, the effect of all our knowledge, and the maine point of all our profession, that we may so live, wherby we may enjoy this blessed and everlasting kingdome : dedicated unto all the elect children of God /$fnewly published by John Andreuues .. 210 $aLondon $cPrinted by N. and I. Okes, dwelling in little St. Bartholmews, in the Well-yard$d1639 215 $a[23] p 300 $aSignatures: A? B?. 300 $aReproduction of original in the British Library. 330 $aeebo-0018 606 $aHeaven 615 0$aHeaven. 700 $aAndrewes$b John$ffl. 1615.$0793395 801 0$bEBL 801 1$bEBL 801 2$bWaOLN 906 $aBOOK 912 $a996395713203316 996 $aA celestiall looking-glasse, to behold the beauty of heaven, and the perfect way unto it$92402405 997 $aUNISA LEADER 04024oam 2200649I 450 001 9910786225803321 005 20230803025716.0 010 $a0-429-10692-0 010 $a1-4398-5527-7 024 7 $a10.1201/b14569 035 $a(CKB)2670000000342220 035 $a(EBL)1165868 035 $a(OCoLC)839863005 035 $a(SSID)ssj0000855864 035 $a(PQKBManifestationID)12458827 035 $a(PQKBTitleCode)TC0000855864 035 $a(PQKBWorkID)10807592 035 $a(PQKB)11234251 035 $a(MiAaPQ)EBC1165868 035 $a(Au-PeEL)EBL1165868 035 $a(CaPaEBR)ebr10684450 035 $a(CaONFJC)MIL502249 035 $a(EXLCZ)992670000000342220 100 $a20180331d2013 uy 0 101 0 $aeng 135 $aur|n|---||||| 181 $ctxt 182 $cc 183 $acr 200 00$aCarotenoids and vitamin A in translational medicine /$fedited by Olaf Sommerburg, Werner Siems, and Klaus Kraemer 210 1$aBoca Raton, Fla :$cCRC Press/Taylor & Francis Group,$d2013. 215 $a1 online resource (431 p.) 225 1 $aOxidative stress and disease 300 $aDescription based upon print version of record. 311 $a1-138-19947-8 311 $a1-4398-5526-9 320 $aIncludes bibliographical references. 327 $aFront Cover; Contents; Preface; Series Preface; Editors; Contributors; Chapter 1 - Hepatic Retinoid Metabolism: What Is Known and What Is Not; Chapter 2 - Metabolism of Vitamin A in White Adipose Tissue and Obesity; Chapter 3 - Retinoids in the Treatment of Psoriasis; Chapter 4 - Age-Related Macular Degeneration and Carotenoids; Chapter 5 - Lutein, Zeaxanthin, and Vision across the Life Span; Chapter 6 - Assuring Vitamin A Adequacy to Prevent Eye and Ear Disorders; Chapter 7 - Disturbed Accumulation and Abnormal Distribution of Macular Pigment in Retinal Disorders 327 $aChapter 8 - Retinol and Otitis MediaChapter 9 - Carotenoids and Mutagenesis; Chapter 10 - Carotenoids and Vitamin A in Lung Cancer Prevention; Chapter 11 - Is the Effect of ?-Carotene on Prostate Cancer Cells Dependent on Their Androgen Sensitivity?; Chapter 12 - Carotenoid Intake and Supplementation in Cancer: Pro and Con; Chapter 13 - Vitamin A in Lung Development and Function; Chapter 14 - Vitamin A and Carotenoids in Lung Diseases; Chapter 15 - Chemopreventive Effects of Astaxanthin on Inflammatory Bowel Disease and Inflammation-Related Colon Carcinogenesis 327 $aChapter 16 - Carotenoids in Laboratory MedicineChapter 17 - Supply of Vitamin A in Developing Countries; Chapter 18 - Vitamin A Intakes Are Below Recommendations in a Significant Proportion of the Population in the Western World; Chapter 19 - Critical Appraisal of Vitamin A Supplementation Program in India; Chapter 20 - Consequences of Common Genetic Variations on ?-Carotene Cleavage for Vitamin A Supply; Back Cover 330 $aVitamin A (retinol) is an essential dietary compound with myriad metabolic and regulatory functions. Deficiency can result in vision problems, compromised immune responses, and a host of other medical issues. More than 600 carotenoids have been identified in plants, algae, fungi, and bacteria, and around 50 carotenoids-including ß-carotene-can be converted into vitamin A. Carotenoids and Vitamin A in Translational Medicine reviews the medical use of carotenoids and vitamin A in cancer; diseases of the skin, eye, ear, and lung; and inflammatory bowel and metabolic diseas 410 0$aOxidative stress and disease. 606 $aCarotenoids 606 $aVitamin A 615 0$aCarotenoids. 615 0$aVitamin A. 676 $a615.328 701 $aSommerburg$b Olaf$01541874 701 $aSiems$b Werner$01541875 701 $aKraemer$b Klaus$f1960-$01541876 801 0$bMiAaPQ 801 1$bMiAaPQ 801 2$bMiAaPQ 906 $aBOOK 912 $a9910786225803321 996 $aCarotenoids and vitamin A in translational medicine$93794253 997 $aUNINA